000 00861cad a22002175a 4500
001 E148857
008 091117s2009 xxk f 000 0 eng d
035 _a(Sirsi) u148857
041 0 _aeng
050 0 4 _a346.410434 $2 18
100 1 _aRowling, Jon
245 0 0 _aPLA Dilapidations Protocol supported by surveyors, but they're still revolting
_h[electronic resource]
260 _a[S.l.]
_bProperty Litigation Association
_c2009
520 _aDiscusses issues related to the PLA Dilpidations Protocol, including possible future changes which could improve the Protocol.
521 _aAdvanced
590 _aKA
651 4 _aEngland and Wales
_y1543-
690 _aBUILT ENVIRONMENT-BUILDING SURVEYING-DILAPIDATIONS SURVEYING
856 4 0 _uhttps://www.pla.org.uk/library/speakers_corner
_zView the item free of charge at www.pla.org.uk...
942 _n0
999 _c110267
_d110267